000 00324nam a2200133Ia 4500
008 230917s9999||||xx |||||||||||||| ||und||
040 _e205326
_aMAIN
041 _aEnglish
082 _a327.54073 R137I
100 _aVikas
245 0 _aIndo-US nuclear relations: Continuity and change
300 _a254 p.
942 _cTH
999 _c125655
_d125655